| 000 | 00562nam a2200205Ia 4500 | ||
|---|---|---|---|
| 005 | 20250508165656.0 | ||
| 008 | 008 250505s9999 xx 000 0 eng d | ||
| 037 | _aTextual | ||
| 040 |
_aFEDL _beng _cFEDL |
||
| 041 |
_aeng _2eng |
||
| 084 |
_a530.092, VEN _qFEDL |
||
| 100 | _aVenkataraman G. | ||
| 245 | 0 | _aHot Story | |
| 260 |
_aHyderabad, India _bUniversities Press (India) Limited _c1993 |
||
| 300 | _aVIII,134p. | ||
| 365 |
_aINR _b40 |
||
| 490 | _aVignettes in physics | ||
| 942 |
_cTEXL _h530.092, VEN |
||
| 999 |
_c1396679 _d1396679 |
||